Pays du Maghreb arabe. - Statistiques

Statistiques générales
  • Ce quiz a été pris 734 fois
  • Le résultat moyen est 5 sur 6
Answers on the Grid
Answers color-coded by a green-red scale on the quiz's grid according to % correct below.
Algérie
Maroc
Tunisie
Mauritanie
Libye
Soudan
Afghanistan
Sénégal
Tadjikistan
Palaos
Egypte
 
Statistiques - réponses
Réponse % Correct
Algérie
94%
Maroc
93%
Tunisie
92%
Libye
86%
Egypte
81%
Mauritanie
72%
Aucun quiz correspondant
Distribution des résultats
% des personnes avec chaque résultat
Percentile par nombre de réponses
Votre historique - résultats
Vous n’avez pas pris ce quiz